Geografia europea con la lettera I - Statistics

Statistiche generali
  • Questo quiz è stato fatto 170 volte
  • Il punteggio medio è 12 su 15
Statistiche sulle risposte
DOMANDA RISPOSTA % Corretto
Azienda svedese nota per mobili, decorazioni e accessori per la casa Ikea
98%
Nazioni con la i Italia
95%
Mare tra la Puglia e l'Epiro Ionio
94%
Come sopra Irlanda
91%
L'isola da cui proveniva Ulisse Itaca
91%
Isola a largo di Napoli Ischia
90%
Una delle Lingue ufficiali in Svizzera Italiano
89%
Città turca Istanbul
87%
Come sopra Islanda
86%
Isola delle Baleari nota per il turismo Ibiza
80%
Lago lombardo Iseo
79%
Città austriaca che ospitò le Olimpiadi Invernali Innsbruck
75%
Penisola che comprende Portogallo e Spagna Iberia
71%
Regione in cui si trova Parigi Ile de France
55%
Capitale delle Highlands scozzesi Inverness
32%
Nessun quiz corrispondente trovato
Distribuzione punteggi
Percentuale di utenti per punteggio
Percentile per numero di risposta
I tuoi punteggi nel tempo
Non hai fatto questo quiz